| 000 | 00644nam a22001817a 4500 | ||
|---|---|---|---|
| 999 |
_c19255 _d19255 |
||
| 003 | AR-CdUCM | ||
| 008 | 190517b ||||| |||| 00| 0 spa d | ||
| 040 |
_aMUNICIPALIDAD PROVINCIAL DEL CUSCO _cBIBLIOTECA MUNICIPAL DEL CUSCO |
||
| 082 |
_a684 / _bK28 |
||
| 100 |
_aKay, N. W. _940485 |
||
| 245 | _aCarpintería de armar y de taller / | ||
| 260 |
_aBarcelona : _bGili, _c1962. |
||
| 300 |
_a499 páginas ; _c25 cm. |
||
| 505 | _aContenido : Artesanía -- Los ensambles en la carpintería de taller -- Revestimiento de muros y puertas -- Cimbras y apeos --- | ||
| 650 |
_aArtesanía. _95482 |
||
| 942 |
_2ddc _cLIBROS |
||
| 945 |
_arum _d2019-05-17 |
||